The earth and its peoples : (Record no. 98799)
[ view plain ]
| 000 -LEADER | |
|---|---|
| fixed length control field | 01033nam a22003017a 4500 |
| 003 - CONTROL NUMBER IDENTIFIER | |
| control field | URS |
| 005 - DATE AND TIME OF LATEST TRANSACTION | |
| control field | 20260223164114.0 |
| 008 - FIXED-LENGTH DATA ELEMENTS--GENERAL INFORMATION | |
| fixed length control field | 260211t2024 us ||||| |||| 001 0 eng d |
| 020 ## - INTERNATIONAL STANDARD BOOK NUMBER | |
| International Standard Book Number | 9780357800560 |
| 040 ## - CATALOGING SOURCE | |
| Original cataloging agency | DLC |
| Language of cataloging | eng |
| Transcribing agency | DLC |
| Modifying agency | DLC |
| -- | URS |
| Description conventions | rda |
| 082 ## - DEWEY DECIMAL CLASSIFICATION NUMBER | |
| Item number | B874 2024 |
| Classification number | 909 |
| 100 ## - MAIN ENTRY--PERSONAL NAME | |
| Personal name | Bulliet, Richard W. |
| Relator term | author |
| 245 ## - TITLE STATEMENT | |
| Title | The earth and its peoples : |
| Remainder of title | a global history volume II: Since 1500 / |
| Statement of responsibility, etc. | Richard W. Bulliet, Steven W. Hirsch, and Lyman L. Johnson. |
| 264 ## - PRODUCTION, PUBLICATION, DISTRIBUTION, MANUFACTURE, AND COPYRIGHT NOTICE | |
| Place of production, publication, distribution, manufacture | United States: |
| Name of producer, publisher, distributor, manufacturer | Cengage Learning, Inc., |
| Date of production, publication, distribution, manufacture, or copyright notice | [2024] |
| 300 ## - PHYSICAL DESCRIPTION | |
| Extent | xxiii, various pages; |
| Dimensions | 28 cm. |
| 336 ## - CONTENT TYPE | |
| Source | rdacontent |
| Content type term | text |
| Content type code | txt |
| 337 ## - MEDIA TYPE | |
| Source | rdamedia |
| Media type term | unmediated |
| Media type code | n |
| 338 ## - CARRIER TYPE | |
| Source | rdacarier |
| Carrier type term | volume |
| Carrier type code | nc |
| 504 ## - BIBLIOGRAPHY, ETC. NOTE | |
| Bibliography, etc. note | Includes bibliographical references, and indexes. |
| 650 ## - SUBJECT ADDED ENTRY--TOPICAL TERM | |
| Topical term or geographic name entry element | World history. |
| 650 ## - SUBJECT ADDED ENTRY--TOPICAL TERM | |
| Topical term or geographic name entry element | Civilization |
| Geographic subdivision | History |
| 650 ## - SUBJECT ADDED ENTRY--TOPICAL TERM | |
| Topical term or geographic name entry element | Human Geography |
| Geographic subdivision | History |
| 650 ## - SUBJECT ADDED ENTRY--TOPICAL TERM | |
| Topical term or geographic name entry element | Culture |
| Geographic subdivision | History |
| 650 ## - SUBJECT ADDED ENTRY--TOPICAL TERM | |
| Topical term or geographic name entry element | Globalization |
| Geographic subdivision | History |
| 700 ## - ADDED ENTRY--PERSONAL NAME | |
| Personal name | Hirsch, Steven W. |
| Relator term | author |
| 700 ## - ADDED ENTRY--PERSONAL NAME | |
| Personal name | Johnson, Lyman L. |
| Relator term | author |
| 942 ## - ADDED ENTRY ELEMENTS (KOHA) | |
| Source of classification or shelving scheme | Dewey Decimal Classification |
| Koha item type | Foreign Books |
| Withdrawn status | Source of classification or shelving scheme | Damaged status | Not for loan | Home library | Current library | Shelving location | Date acquired | Total Checkouts | Full call number | Barcode | Date last seen | Price effective from | Koha item type |
|---|---|---|---|---|---|---|---|---|---|---|---|---|---|
| Dewey Decimal Classification | Pililla College Library | Pililla College Library | Foreign Section | 02/11/2026 | 909 B874 2024 | URSPIL-7396 | 02/11/2026 | 02/11/2026 | Foreign Books |